| 000 | 00000nas##2200000za#4500 |
| 001 | 9.503574 |
| 003 | CaOODSP |
| 005 | 20250910142444 |
| 007 | cr ||||||||||| |
| 008 | 150406c1989||||xxc|| p o||||f| |0fre|d |
| 040 | |aCaOODSP|bfre |
| 043 | |an-cn--- |
| 086 | 1 |aD3-11F-PDF |
| 110 | 1 |aCanada. |bMinistère de la défense nationale. |
| 245 | 13|aLe point sur les questions de défense ... à l'intention du Comité permanent de la Défense nationale (Chambre des communes) |h[ressource électronique] |
| 260 | |aOttawa - Ontario : |bDéfense nationale |
| 310 | |aAnnuel |
| 362 | 1 |a1988-1989 -- |
| 691 | 07|aPolitique de défense|2gcpds |
| 775 | 08|tDefence update ... presented to the House of Commons Standing Committee on National Defence |w(CaOODSP)9.507185 |